Biología 1 : la unidad y la diversidad de la vida /
Guardado en:
| Autor Principal: | |
|---|---|
| Otros Autores: | |
| Formato: | Libro |
| Publicado: |
México :
Thomson,
2004
|
| Edición: | 10a. ed. |
| Materias: | |
| Etiquetas: |
Agregar Etiqueta
Sin Etiquetas, Sea el primero en etiquetar este registro!
|
| LEADER | 01699nam a22003255a 4500 | ||
|---|---|---|---|
| 001 | CEM.cems017528 | ||
| 005 | 20121116153441.0 | ||
| 008 | 130507s2004##################000#0#####d | ||
| 003 | CEMS | ||
| 020 | |a 9706863990 | ||
| 082 | 0 | 4 | |a 574 |
| 100 | 1 | |a Starr, Cecie | |
| 245 | 1 | 0 | |a Biología 1 : |b la unidad y la diversidad de la vida / |c Cecie Starr y Ralph Taggart |
| 250 | |a 10a. ed. | ||
| 260 | |a México : |b Thomson, |c 2004 | ||
| 300 | |a 400 p. + 1 CD-ROM | ||
| 505 | 0 | |a Conceptos y métodos en biología -- Principios de la vida celular -- Fundamentos químicos de las células -- Compuestos de carbono en las células -- Estructura y funcionamiento de la célula -- Un examen más cercano de las membranas celulares -- Reglas basales del metabolismo -- Cómo obtienen energía las células -- Cómo liberan las células la energía almacenada -- Los principios de la herencia -- División celular y mitosis -- Meiosis -- Principios de evolución -- El origen y la evolución de la vida -- Evolución y biodiversidad -- Plantas - Hongos -- Animales: los invertebrados -- Animales: los vertebrados -- Principios de anatomía y fisiología -- Cómo funcionan las plantas y los animales -- Plantas -- Tejidos de las plantas -- Estructura y funcionamientode los animales -- Tejidos y sistemas de órganos de los animales | |
| 653 | |a Biología | ||
| 653 | |a Célula | ||
| 653 | |a Herencia | ||
| 653 | |a Mitosis | ||
| 653 | |a Meiosis | ||
| 653 | |a Evolución | ||
| 653 | |a Vida-origen | ||
| 653 | |a Biodiversidad | ||
| 653 | |a Invertebrados | ||
| 653 | |a Vertebrados | ||
| 653 | |a Plantas | ||
| 700 | 1 | |a Taggart, Ralph | |
| 859 | |a CEMS |b BIB. CEMS - Agricultura |h 574 |i St796a10 |p A1338.11 |t Ej.1 |v 1 |3 1 | ||
